00525nam a22001697a 450000500170000001000160001702000260003303500130005903700240007208200060009610000130010224500950011526000330021027000470024330000360029049000290032620111130113950.0 aB-444673  a9781405206150c425.00 aB-444673 aBlue Berry/VenbDPL00aS0 aHergé,14aCigars of the Pharaoh /cHergé ; translated by Leslie Lonsdale-Cooper and Michael Turner aLondonbEgmont UK Ltd.c2010 a239 Kensington High StreetbLondoneW86SA a62 p. bcol. ill.c30 cm .(pbk)1 aThe Adventures of Tintin